ბათუმის შოთა რუსთაველის სახელმწიფო უნივერსიტეტის ბიბლიოთეკა

История советского государства 1900-1991 (ბიბ.ჩანაწერი № 35009)

000 -LEADER
fixed length control field 00695nam a2200241Ia 4500
001 - CONTROL NUMBER
control field 847
003 - CONTROL NUMBER IDENTIFIER
control field GE_BSU
005 - DATE AND TIME OF LATEST TRANSACTION
control field 20220920160156.0
008 - FIXED-LENGTH DATA ELEMENTS--GENERAL INFORMATION
fixed length control field 181216s1999||||rus|||||||||||||| ||ru ||
020 ## - INTERNATIONAL STANDARD BOOK NUMBER
International Standard Book Number 5777700314
040 ## - CATALOGING SOURCE
Transcribing agency GE_BSU
050 ## - LIBRARY OF CONGRESS CALL NUMBER
Classification number ru
080 ## - UNIVERSAL DECIMAL CLASSIFICATION NUMBER
Universal Decimal Classification number 94(470) В-35
100 ## - MAIN ENTRY--PERSONAL NAME
Personal name Верт, Н.
9 (RLIN) 14646
245 ## - TITLE STATEMENT
Title История советского государства 1900-1991
Statement of responsibility, etc. Н. Верт.
250 ## - EDITION STATEMENT
Edition statement 2-е испр.
264 ## - PRODUCTION, PUBLICATION, DISTRIBUTION, MANUFACTURE, AND COPYRIGHT NOTICE
Place of production, publication, distribution, manufacture Москва :
Name of producer, publisher, distributor, manufacturer ''Весь мир'',
Date of production, publication, distribution, manufacture, or copyright notice 1999.
300 ## - PHYSICAL DESCRIPTION
Extent 544 стр.
653 ## - INDEX TERM--UNCONTROLLED
keyword История
653 ## - INDEX TERM--UNCONTROLLED
keyword История советского государства
653 ## - INDEX TERM--UNCONTROLLED
keyword ისტორია
942 ## - ADDED ENTRY ELEMENTS (KOHA)
Koha item type წიგნი
Source of classification or shelving scheme
ეგზემპლარები
Withdrawn status Lost status Source of classification or shelving scheme Damaged status Not for loan Permanent Location Current Location Shelving location Date acquired Cost, normal purchase price Full call number Barcode Date last seen Copy number Price effective from Koha item type Public note
          ბათუმის შოთა რუსთაველის სახელმწიფო უნივერსიტეტის მთავარი ბიბლიოთეკა ბათუმის შოთა რუსთაველის სახელმწიფო უნივერსიტეტის მთავარი ბიბლიოთეკა წიგნსაცავი 2018-12-17 18.00 94(470) В-35 1272 2018-12-17 1272 2018-12-17 წიგნი 18 ლ.